00604nam a22001937a 450000500170000001000140001702000250003103500130005603700130006908200080008210000230009024500390011326000380015227000280019030000220021894200220024099900170026295201310027920100810102425.0 aENG-99201 a9789380017860c40.00 aEN-82733 bDBAD/PUB a331 aBharathi, S.99722 aLabour economics /cby S. Bharathi aChennaibToday Publicationsc2008 aBells Road bChennaie5 a147p.c20cm (pbk) 2ddccENh331mBHA c40489d40489 001040718NFICaDBADbDBADd2010-08-10eDBAD/PUBg40.00l0o331 BHApEN-82733r2010-08-10 00:00:00t1v40.00w2010-08-10yEN